Регионална библиотека "Любен Каравелов" - Русе

Исповедь (Запис номер 101494)

MARC детайли
000 -Лидер
Контролно поле с фиксирана дължина 01212nam a2200337 c 4500
003 - Код на организацията, давaща контролен номер
Контролно поле BLK
005 - Дата и час на последна редакция
Контролно поле 20210414105800.0
008 - Елементи от данни с фиксирана дължина
fixed length control field 180409b bul|||||r ||||||| ||bul||
010 ## - Наследен системен номер
LC control number KNG00106544000
020 ## - Международен стандартен номер на книга ISBN
Международен стандартен номер на книга ISBN 5-267-00292-5
-- издат.: Азбука
040 ## - Източник на каталожния запис
Идентификатор на билиотеката - собственик на записа BLK
041 ## - Код за език
Код за езика на текст/звукозапис или на отделно заглавие Руски
Код за езика КДБФ Руски
080 ## - УДК
Текстов определител УДК Руска литература
УДК код - определител по УДК 821.161.1
УДК определител -293.7
УДК - код + определител 821.161.1-293.7
080 ## - УДК
Текстов определител УДК Руска литература
УДК код - определител по УДК 821.161.1
УДК определител -6
УДК - код + определител 821.161.1-6
100 1# - Редна дума - Автор
Автор Параджанов, Сергей
Авторска отговорност първи автор
R(LIN) 106673
139 ## - Редно поле
Редна дума Параджанов, Сергей
Авторски знак Пар - П 22
245 10 - Сведения за заглавието
Заглавие Исповедь
Подзаглавни данни Киносценарии, письма
Редно поле (дума) Сергей Параджанов.
257 ## - Страна на издаване
Страна на създаване/издаване Русия
260 ## - Област на издателските данни
-- С.-Петербург
Име на издателя, разпространителя и проч. Азбука
Година на издаване 2001
Печатница С.-Петербург : ФГУП Печатный двор
300 ## - Физическа характеристика
Страници 656 с.
Илюстрации и др. цв. ил.
Размери/Мащаб 19 см
380 ## - Жанр
Жанр Худож. лит.
490 1# - СЕРИИ (Колекции)
Име на серия Наследие
500 ## - Общи забележки
Забележка Офс. изд. - 7 000 тир.
653 ## - Ключова дума – ненормативна
Ключова дума киносценарии
653 ## - Ключова дума – ненормативна
Ключова дума писма
852 ## - Местоположение
Форматна сигнатура Цб І 30871
856 4# - Електронен адрес и достъп
Електронен формат pdf - файл
Път до файла /url/
856 4# - Електронен адрес и достъп
Електронен формат pdf - файл
Път до файла /url/
942 ## - АРТИКУЛИ
Вид на библиотечния материал Книги
Скрит в OPAC Не
Koha issues (borrowed), all copies 1
944 ## - СЪЗДАВАНЕ И РЕДАКЦИЯ на ЗАПИСА
Създаване/Редакция Създаване
Дата на регистрацията/редакция 01.01.2001
Служител, извършил регистрацията/редакцията Людмила_Стоянова
944 ## - СЪЗДАВАНЕ И РЕДАКЦИЯ на ЗАПИСА
Създаване/Редакция Редакция
Дата на регистрацията/редакция 26.06.2003
Служител, извършил регистрацията/редакцията
999 ## - СИСТЕМНИ КОНТРОЛНИ НОМЕРА
Koha biblionumber 101494
Koha biblioitemnumber 101494
Наличности
Код за отписване Код за изгубен артикул Код за повреда Коз за рестрикции Код за отдаване Артикулен № Име на библиотеката - собственик Име на библиотеката, в която се намира в момента Статус (Текущо местоположение) Дата на вписване в системата Местоположение - отдел Цена в лева Инвентарен номер Систематично азбучна сигнатура Баркод Номер на екземпляра Цена в евро Служебна бележка Служебен тип на артикула
  Не е изгубен Не е повреден без рестрикции заемане за дома 163480 Регионална библиотека "Любен Каравелов" Русе Регионална библиотека "Любен Каравелов" Русе Заемна - подръчен фонд 2003-06-11 Заемна - подръчен фонд 9.50 120000676680 П 882-2/П 22 120000676680 1 4.86 Дост: DA Вид: А N: 17 Дата: 10.06.2003 Дата инв: 09.02.2018 Бележки инв: П2018 Книги
Vip Innovations Ltd, Rousse, Bulgaria 2025